000 01241nam a2200349 i 4500
001 000039512
003 DO-SdBNP
005 20250218144759.0
007 ta
008 130705s2014 dr 001 0 spa d
040 _aDO-SdBNP
_bspa
_cBNPHU
_erda
049 _aBNPD
082 4 _a343.729304
_bR426c, 2014.
_222
110 1 _aRepública Dominicana.
_bCongreso Nacional.
_9447
240 1 0 _a[Leyes, etc.]
245 1 0 _aCódigo tributario de la República Dominicana :
_binstituido por la ley 11-92 del 16 de Mayo de 1992
264 1 _aSanto Domingo :
_bEditor MD,
_c2014.
300 _a356 páginas ;
_c21 cm.
336 _atexto
_btxt
_2rdacontent
337 _asin mediación
_bn
_2rdamedia
338 _avolumen
_bnc
_2rdacarrier
590 _aInventariado, 2025/BT
650 4 _aLey 11-92
_zRepublica Dominicana
_955494
650 4 _aLey 557-05
_zRepublica Dominicana
_965693
650 4 _aImpuestos
_xLegislacion
_zRepública Dominicana
_955495
650 4 _aImpuestos
_xAdministración y procesamiento
_914513
650 4 _aImpuestos sobre la renta
_xLegislacion
_zRepública Dominicana
_99399
650 4 _aDerecho fiscal
_xLegislacion
_zRepublica Dominicana
_99397
700 _965694
910 _aBtavárez
942 _2ddc
_cLBS1
999 _c58133
_d58133